| 000 | 00521nam a2200181Ia 4500 | ||
|---|---|---|---|
| 999 |
_c11197 _d11197 |
||
| 003 | OSt | ||
| 005 | 20191219153259.0 | ||
| 008 | 190216s9999||||xx |||||||||||||| ||und|| | ||
| 020 | _a9788180693366 | ||
| 040 | _coclc | ||
| 082 |
_a338.954 _bNAT/E |
||
| 100 |
_aNath, V _9592 |
||
| 245 | 0 |
_aEconomic Development And Planning In India / _cV Nath |
|
| 260 |
_bConcept Pubshing Company, _c2010. _aDelhi: |
||
| 300 | _a226p | ||
| 650 | _aEconomics | ||
| 942 |
_cBK _2ddc _h338.954 _iNAT/E _k338.954 _mNAT/E |
||